header

Media, ritual, and identity (Record no. 72306)

MARC details
000 -LEADER
fixed length control field 01503nam a2200397Ia 4500
082 04 - DEWEY DECIMAL CLASSIFICATION NUMBER
Classification number 070.1/95
245 00 - TITLE STATEMENT
Title Media, ritual, and identity
260 ## - PUBLICATION, DISTRIBUTION, ETC. (IMPRINT)
Place of publication London ;
-- New York :
Name of publisher Routledge,
Year of publication 1998.
300 ## - PHYSICAL DESCRIPTION
Number of Pages viii, 265 p. :
Other physical details ill.
490 1# - SERIES STATEMENT
Series statement Communication and society
500 ## - GENERAL NOTE
General note A tribute to Elihu Katz.
650 #0 - SUBJECT ADDED ENTRY--TOPICAL TERM
Topical Term Television broadcasting of news.
Topical Term Mass media
700 1# - ADDED ENTRY--PERSONAL NAME
Personal name Liebes, Tamar.
Personal name Curran, James.
Personal name Katz, Elihu,
856 40 - ELECTRONIC LOCATION AND ACCESS
Uniform Resource Identifier http://site.ebrary.com/lib/rucke/Doc?id=10056055

No items available.

© 2026 Rongo University
Contact us: librarian | system librarian | Rongo university